Infinite dimensional Morse theory and multiple solution problems

Saved in:
Bibliographic Details
Main Author: Chang, Kung-ching
Format: Book
Language:English
Published: Boston ; Basel : Birkhauser, c1993
Series:Progress in nonlinear differential equations and their applications ; ; 6
Subjects:
Tags: Add Tag
No Tags, Be the first to tag this record!

MARC

LEADER 00000nam a2200000 i 4500
001 1/76318
008 990726s1993 eng d
020 |a 0-8176-3451-7 
020 |a 3-7643-3451-7 
035 |l 10049571 
040 |a GR-MY-UA  |b gre  |e aacr 
041 0 |a eng 
082 0 |a 515 
100 1 |a Chang, Kung-ching. 
245 1 0 |a Infinite dimensional Morse theory and multiple solution problems /  |c Kung-ching Chang 
260 |a Boston ; Basel :   |b Birkhauser,   |c c1993 
300 |a x, 312 σ.;  |b εικ.;  |c 25 εκ. 
490 1 |a Progress in nonlinear differential equations and their applications  |v ; 6 
500 |a Περιέχει βιβλιογραφικές παραπομπές (σ. [298]-309) και ευρετήριο 
650 0 0 |a Morse theory. 
830 0 |a Progress in nonlinear differential equations and their applications ;  |v ; 6 
852 |a INST  |b SAMOS  |e 19990726  |h 515 CHA  |p 005300014856  |q 005300014856  |t BK  |y 0 
852 |a INST  |b SAMOS  |e 20080416  |h 515 CHA  |p 005300030457  |q 005300030457  |t BK  |y 0 
901 |a BIBL3-2008-1 
901 |a BIBL3-1999-2 
909 |a Σ  |b 151928 
909 |a Σ  |b 064554 
922 |a 3ΕΛΗ  |b 200803  |c ΕΠΕΑΕΚ2/ΤΜΗΜΑ ΜΑΘΗΜΑΤΙΚΩΝ  |d ΕΛΕΥΘΕΡΟΥΔΑΚΗΣ 
922 |a 3ΕΛΗ  |b 199903  |c ΚΠΣ  |d GLORY 
970 |a ΓΕΝΟΥΖΟΥ  |b ΧΡΥΣΑΝΘΗ  |z 1999/07/03